[Event "Winnipeg TNT June op"]
[Site "Winnipeg"]
[Date "2002.06.18"]
[Round "3"]
[White "Lange, John"]
[Black "Crane, Meaghan"]
[Result "1-0"]
[WhiteElo "1425"]
[BlackElo "768"]
[PlyCount "77"]
[EventDate "2002.06.04"]
[EventType "swiss"]
[EventRounds "4"]
[EventCountry "CAN"]
[SourceTitle "EXT 2022"]
[Source "ChessBase"]
[SourceDate "2021.10.06"]
[SourceVersion "1"]
[SourceVersionDate "2021.10.06"]
[SourceQuality "1"]

1. e4 e5 2. Nf3 Nf6 3. Bc4 Nc6 4. 0-0 Nxe4 5. Qe2 d5 6. Bb5 Bd7 7. Bxc6 Bxc6 8. Nxe5 Qe7 9. Nxc6 bxc6 10. Re1 Qe5 11. d3 Bd6 12. g3 Nf6 13. Qf1 0-0 14. Rxe5 Bxe5 15. c3 d4 16. Bg5 Rfe8 17. Qg2 Re6 18. c4 Rae8 19. Nd2 Bd6 20. Bxf6 Re1+ 21. Rxe1 Rxe1+ 22. Nf1 gxf6 23. Qxc6 Be5 24. Kg2 Re2 25. Qa8+ Kg7 26. Qxa7 Rxb2 27. h4 h5 28. Nh2 Bxg3 29. Kxg3 f5 30. Qxd4+ f6 31. Qxb2 c5 32. a4 Kg6 33. a5 Kf7 34. a6 Ke6 35. a7 Kd6 36. Qxf6+ Kc7 37. a8Q Kd7 38. Qb7+ Ke8 39. Qbe7# 1-0